Marktausbreitung neuer Konsumgüter Verhaltenswissenschaftliche Grundlagen, Modellbildung und Simulation

Gespeichert in:
Bibliographische Detailangaben
1. Verfasser: Klophaus, Richard
Format: Buch
Sprache:Deutsch
Veröffentlicht: Wiesbaden Deutscher Universitäts Verlag 1995
Ausgabe:1. Aufl.
Schriftenreihe:Gabler Edition Wissenschaft
Schlagworte:
Tags: Tag hinzufügen
Keine Tags, Fügen Sie das erste Tag hinzu!

MARC

LEADER 00000nam a2200000 4500
001 c017643
005 20230117133844.9
020 |a 3-8244-6233-9 
041 0 |a ger 
044 |a DE 
245 1 0 |a Marktausbreitung neuer Konsumgüter  |b Verhaltenswissenschaftliche Grundlagen, Modellbildung und Simulation  |c Richard Klophaus 
250 |a 1. Aufl. 
264 1 |a Wiesbaden  |b Deutscher Universitäts Verlag  |c 1995 
300 |a 207 s. 
490 1 |a Gabler Edition Wissenschaft 
830 0 |a Gabler Edition Wissenschaft 
610 2 0 |a trh 
610 2 0 |a tovar spotrebný 
610 2 0 |a veda 
610 2 0 |a výskum 
610 2 0 |a simulácia 
610 2 0 |a modelovanie 
610 2 0 |a modely 
610 2 0 |a inovácia 
610 2 0 |a riadenie 
610 2 0 |a rozhodovanie 
610 2 0 |a spotrebitelia 
610 2 0 |a výskum trhu 
100 1 |a Klophaus, Richard